000 00470nam a2200181Ia 4500
001 20973
005 20260306172845.0
008 260306t2001||||xx |||||||||||||| ||spa||
041 _aESP
082 _a343.811L
_bA91 2001
100 _aAvelino Sanchez, Esteban
_eAUT
245 0 _aProceso presupuestario del sector público año 2001 texto impreso
260 _c2001
300 _a255 páginas :
_c
650 _aGEN
654 _aCCO
942 _cLIB
_dJUS
_fJUS
_2ddc
_n
999 _c20973
_d20973